Energy efficiency and conservation in the developing world : the World Bank's role. (Record no. 41862)

MARC details
000 -LEADER
fixed length control field 00798nam a2200205 a 4500
001 - CONTROL NUMBER
control field 2506566
008 - FIXED-LENGTH DATA ELEMENTS--GENERAL INFORMATION
fixed length control field 150616s1993 ||||||||||||||||| || u
010 ## - LIBRARY OF CONGRESS CONTROL NUMBER
LC control number 92046611
020 ## - INTERNATIONAL STANDARD BOOK NUMBER
International Standard Book Number 0821323172
050 ## - LIBRARY OF CONGRESS CALL NUMBER
Classification number IBRD(06)PP/1993/2
110 ## - MAIN ENTRY--CORPORATE NAME
Corporate name or jurisdiction name as entry element World Bank
245 10 - TITLE STATEMENT
Title Energy efficiency and conservation in the developing world : the World Bank's role.
260 ## - PUBLICATION, DISTRIBUTION, ETC.
Place of publication, distribution, etc. Washington, D.C.
Name of publisher, distributor, etc. World Bank
Date of publication, distribution, etc. 1993
300 ## - PHYSICAL DESCRIPTION
Extent 102 p. : ill. ; 23 cm.
490 ## - SERIES STATEMENT
Series statement World Bank policy paper
500 ## - GENERAL NOTE
General note Includes bibliographical references (p. 83-102).
650 ## - SUBJECT ADDED ENTRY--TOPICAL TERM
Topical term or geographic name entry element ENERGY POLICY--DEVELOPING COUNTRIES
650 ## - SUBJECT ADDED ENTRY--TOPICAL TERM
Topical term or geographic name entry element ENERGY CONSUMPTION--DEVELOPING COUNTRIES
995 ## - RECOMMENDATION 995 [LOCAL, UNIMARC FRANCE]
-- CBU-MAIN LIBRARY (Kitwe)
-- 1
-- AVAILABLE
-- Jun 16, 2015
-- International Publications
Holdings
Withdrawn status Lost status Source of classification or shelving scheme Damaged status Not for loan Home library Current library Shelving location Date acquired Total Checkouts Full call number Barcode Date last seen Price effective from Koha item type
          CBU-MAIN LIBRARY, KITWE. CBU-MAIN LIBRARY, KITWE.   11/30/2022   IBRD(06)PP/1993/2 025284 11/30/2022 11/30/2022 MONOGRAPH